Revista Centroamericana de Ciencias de la Salud /
Guardado en:
| Autor Corporativo: | |
|---|---|
| Formato: | Libro |
| Lenguaje: | Spanish |
| Publicado: |
San José, Costa Rica :
CSUCA
1975-
|
| Materias: | |
| Etiquetas: |
Agregar Etiqueta
Sin Etiquetas, Sea el primero en etiquetar este registro!
|
MARC
| LEADER | 00000nam a2200000 4500 | ||
|---|---|---|---|
| 003 | cru IIS | ||
| 005 | 20220808111419.0 | ||
| 008 | 220808b |||||||| |||| 00| 0 spa d | ||
| 040 | |c cru IIS | ||
| 090 | |a REV0857 | ||
| 110 | |9 2544 |a Universidad de Costa Rica. |b Consejo Superior Universitario Centroamericano | ||
| 245 | 1 | |a Revista Centroamericana de Ciencias de la Salud / |c Universidad de Costa Rica. Consejo Superior Universitario Centroamericano | |
| 260 | |a San José, Costa Rica : |b CSUCA |c 1975- | ||
| 500 | |a PERIODICIDAD :cuatrimestral EXISTENCIAS : 1975-1979 1-5 (1-14) 1980 6 (15-17) 1981 7 (18-20) 1982 8 (21-23) | ||
| 500 | |a Colección Centroamérica | ||
| 650 | 0 | |9 950 |a CSUCA | |
| 651 | 0 | |9 308 |a CENTROAMERICA | |
| 942 | |2 ddc |c PP | ||
| 999 | |c 44476 |d 44476 | ||
